AH International Schools' Libraries

Maisy makes Lemonade / (Record no. 44318)

MARC details
000 -LEADER
fixed length control field 00323nam a2200121 4500
020 ## - INTERNATIONAL STANDARD BOOK NUMBER
International Standard Book Number 9781406334739
100 ## - MAIN ENTRY--PERSONAL NAME
Personal name Cousins, Lucy
9 (RLIN) 55447
245 ## - TITLE STATEMENT
Title Maisy makes Lemonade /
Statement of responsibility, etc Lucy Cousins
260 ## - PUBLICATION, DISTRIBUTION, ETC. (IMPRINT)
Place of publication, distribution, etc US
Name of publisher, distributor, etc Candlewick Press
Date of publication, distribution, etc 2006
300 ## - PHYSICAL DESCRIPTION
Extent unpaged.
Other physical details col. ill.
Dimensions 20 cm.
490 ## - SERIES STATEMENT
Series statement A Maisy Story Book
942 ## - ADDED ENTRY ELEMENTS (KOHA)
Source of classification or shelving scheme
Koha item type Book
Holdings
Withdrawn status Lost status Source of classification or shelving scheme Damaged status Not for loan Home library Current library Shelving location Date acquired Total Checkouts Full call number Barcode Date last seen Date checked out Price effective from Koha item type Collection code
          Asian Hope Primary Library Asian Hope Primary Library Easy Reading 02/01/2023 26 E COU 202221 02/03/2026 01/26/2026 02/01/2023 Book  
          Asian Hope Primary Library Asian Hope Primary Library Easy Reading 03/13/2023   E COU 202802 03/13/2023   03/13/2023 Book TEACHERS' RESOURCES
          Logos International School Logos International School   01/01/2025 2 E COU 040443 04/10/2025 04/04/2025 01/01/2025 Book  

For any Logos Library related questions please contact Miss Art at swongnarasuk@asianhope.org.

For any Asian Hope Library related questions please contact Miss Raza at graza@asianhope.org.

Click here to explore our ebooks!

Powered by Koha